|
|
|
|
| LEADER |
01003nam a2200265 a 4500 |
| 001 |
15903 |
| 003 |
BD-DhAAL |
| 005 |
20141203102049.0 |
| 008 |
141203s1996 enk 000 1 eng |
| 010 |
|
|
|a 84244300
|
| 040 |
|
|
|a DLC
|c DLC
|d DLC
|d BD-DhAAL
|
| 041 |
1 |
|
|a eng
|
| 050 |
0 |
0 |
|a PQ8180.17.A73
|b C6813 1982
|
| 082 |
0 |
0 |
|a 863
|2 19
|
| 100 |
1 |
|
|a García Márquez, Gabriel,
|d 1927-2014.
|9 6455
|
| 240 |
1 |
0 |
|a Crónica de una muerte anunciada.
|l English
|
| 245 |
1 |
0 |
|a Chronicle of a death foretold /
|c Gabriel García Márquez ; translated from the Spanish by Gregory Rabassa.
|
| 260 |
|
|
|a London :
|b Penguin Books,
|c 1996
|
| 300 |
|
|
|a 122 p. ;
|c 21 cm.
|
| 500 |
|
|
|a Translation of: Crónica de una muerte anunciada.
|
| 541 |
|
|
|e 15903
|
| 600 |
|
|
|a GarciÌa MaÌrquez, Gabriel,
|d 1927-2014
|9 6456
|
| 942 |
|
|
|2 ddc
|c BK
|
| 999 |
|
|
|c 33191
|d 33191
|
| 952 |
|
|
|0 0
|1 0
|2 ddc
|4 0
|6 863_000000000000000_GAR
|7 0
|9 44305
|a BRACUL
|b BRACUL
|c GEN
|d 2014-12-03
|l 10
|m 95
|o 863 GAR
|p 3010015903
|r 2025-09-09
|s 2025-08-31
|t 1
|w 2014-12-03
|y BK
|